Piłkarze afrykańskiego pochodzenia - Statystyki

Ogólne statystyki
  • Ten quiz został rozwiązany 99 razy
  • Średni wynik to 10 z 15
Statystyki odpowiedzi
Piłkarz Kraj Pochodzenia % Poprawnych
Houssem Aouar Algieria
95%
Karim Benzema Algieria
95%
Kylian Mbappe Kamerun
86%
Bukayo Saka Nigeria
80%
Vadis Odjidja-Ofoe Ghana
75%
Wissam Ben Yedder Tunezja
70%
Moise Kean Wybrzeże Kości Słoniowej
69%
Serge Gnabry Wybrzeże Kości Słoniowej
69%
Paul Pogba Gwinea
64%
Moussa Dembélé Mali
64%
N'Golo Kanté Mali
64%
Divock Origi Kenia
55%
Michy Batshuayi Demokratyczna Republika Konga
39%
Presnel Kimpembe Demokratyczna Republika Konga
39%
Romelu Lukaku Demokratyczna Republika Konga
39%
Nie znaleziono quizów pasujących do podanych kryteriów
Rozkład punktacji
Procent ludzi z każdym wynikiem
Percentyl według liczby udzielonych odpowiedzi
Twoja historia wyników
Nie rozwiązałeś tego quizu